<The> Impact of Low Oil Prices on the Trade Balance of Balkan Countries and Their Energy Security

Dopad nízkych cien ropy v posledných rokoch na obchodnú bilanciu balkánskych krajín a ich energetickú bezpečnosť. Pozitívny dopad bol jasný na obchodnú bilanciu všetkých balkánskych krajín. Energetickú bezpečnosť by si mal Balkán poistiť alternatívnymi zdrojmi energie, najmä zemným plynom a obnovite...

Ausführliche Beschreibung

Gespeichert in:
Bibliographische Detailangaben
1. Verfasser: Obadi, Saleh Mothana
Weitere Verfasser: Kosír, Igor, Korček, Matej
Format: Buchkapitel
Sprache:Englisch
Schlagworte:
Tags: Tag hinzufügen
Keine Tags, Fügen Sie das erste Tag hinzu!

MARC

LEADER 00000nla a2200000 4500
001 0234951
005 20240502083626.2
041 0 |a eng 
044 |a US 
245 1 0 |a <The> Impact of Low Oil Prices on the Trade Balance of Balkan Countries and Their Energy Security  |c Saleh Mothana Obadi, Igor Kosír, Matej Korček 
520 |a Dopad nízkych cien ropy v posledných rokoch na obchodnú bilanciu balkánskych krajín a ich energetickú bezpečnosť. Pozitívny dopad bol jasný na obchodnú bilanciu všetkých balkánskych krajín. Energetickú bezpečnosť by si mal Balkán poistiť alternatívnymi zdrojmi energie, najmä zemným plynom a obnoviteľnými zdrojmi energie. Balkán ako dôležitý tranzitný región pre zemný plyn. 
610 2 0 |a energetika 
610 2 0 |a bezpečnosť energetická 
610 2 0 |a ropa 
610 2 0 |a plyn zemný 
610 2 0 |a bilancia obchodná 
610 2 0 |a Balkán 
100 1 |a Obadi, Saleh Mothana 
700 1 |a Kosír, Igor 
700 1 |a Korček, Matej